Canadian Copyright Law

Detalles Bibliográficos
Autor principal: Harris, Lesley Ellen
Formato: eBook
Lenguaje:inglés
Publicado: Hoboken: Wiley, 2013
Materias:
Acceso en línea:Acceso restringido

MARC

LEADER 00000nam a22000007a 4500
005 2021040809569.0
007 cr|||| ||||
008 210408s2013 ca |||||s|||| 00||0 eng d
020 |a 978-1-118-08355-0 
035 |a 32435 
040 |a vLex 
090 |c 11422  |d 11422 
100 1 |a Harris, Lesley Ellen 
245 1 0 |a Canadian Copyright Law  |h [Recurso electrn̤ico] /  |c Lesley Ellen Harris 
256 |a Servicio en ln̕ea 
260 |a Hoboken:  |b Wiley,  |c 2013 
300 |a 1 recurso electrn̤ico 
500 |a An updated guide to Canadian copyright law for an age of reckless infringement. This fourth edition of Canadian Copyright Law brings you the latest updates according to new Canadian legislation and international agreements. Copyright infringement has always been an invisible crime. Now with near-constant access to the Internet and the mainstream explosion of digital formats, copyright is one of the most important issues for creative professionals, consumers of that media, and those who work in related industries. The line between what is protected and what is "free" is blurring further, and the copyright issues are more complex than ever. Provides a complete update on copyright issues relating to digital media. Takes the convoluted legal jargon of the Canadian Copyright Act and sets it out in everyday language. Provides concrete examples to offer further clarification of complicated matters. Whether you are a creator or user of copyright material, Canadian Copyright Law will keep you current on copyright law in Canada and its applications to your situation—to protect your creations, content, and products in these rapidly changing markets. 
506 1 |a Disponible solo en los productos indicados  |d vLex Global  |d vLex Global (Academic Edition, excluding Law Schools)  |d vLex Global (U.S. Academic Edition, Law Schools)  |d vLex Global (U.S. Academic Edition, excluding Law Schools)  |d vLex Global (Academic Edition, Law Schools) 
650 0 4 |a Propiedad Intelectual  |z Canad̀ 
740 0 |a vLex Libros (Servicio en ln̕ea) 
856 4 0 |u https://vlex.com/source/canadian-copyright-law-32435  |z Acceso restringido 
942 |c BOOK 
999 0 |a Intellectual property